000 00800nam a2200265 i 4500
001 bg
100 1 _aFerrari, Simone.
245 0 _aVan Eyck /
_c[tekst Simone Ferrai, tł. Aleksandra Leoncewicz].
260 _aWarszawa :
_bRzeczpospolita ;
_bHPS,
_c2006.
300 _a143 s. :
_bil. ;
_c26 cm.
490 1 _aKlasycy Sztuki ;
_v30
600 0 _aEyck, Jan van
_d(ca 1390-1441)
_xtwórczość
650 0 _aMalarstwo niderlandzkie
_xhistoria
_y15 w.
700 1 9 _aLeoncewicz, Aleksandra
_eTł.
830 _aKlasycy Sztuki ;
020 _a9788360688045
020 _a8360688044
040 _cBPK
041 1 _apol
_hita
080 _a75.071(492/493)"14/15"(084.11)A/Z
920 _a978-83-60688-04-5
920 _a83-60688-04-4
942 _cKS
008 s pl f |000 0 pol
999 _c53747
_d53747
856 _uhttp://koha.tu.koszalin.pl/cgi-bin/koha/opac-detail.pl?biblionumber=53747
_yKatalog online BPK